| 000 | 00996nam1a2200217 i 4500 | ||
|---|---|---|---|
| 001 | RU\NLR\BIBL_A\011273815 | ||
| 005 | 20240726221447.0 | ||
| 010 |
_a9785990893559 _d100 экз. |
||
| 035 | _a(NLR Aleph) 011273815 | ||
| 090 |
_a10833612 _c10833613 |
||
| 100 | _a20161019d2016 km y0rusy50 ca | ||
| 101 | 0 | _arus | |
| 102 | _aRU | ||
| 105 | _ay|||||||||||| | ||
| 200 | 1 |
_aУчим немецкий: от простого к сложному. Ч. 1 _eучебное пособие для студентов языковых факультетов по направлению подготовки 44.03.01 "Педагогическое образование", профиль "Иностранный (немецкий) язык" _fГ. А. Клименко, Е. А. Елисеева |
|
| 210 |
_aСаратов _cАмирит _d2016 |
||
| 225 | 2 | _aВысшее образование | |
| 700 | 1 |
_aКлименко _bГ. А. |
|
| 701 | 1 |
_aЕлисеева _bЕ. А. |
|
| 942 | _cBOOK | ||